Los matices del fracaso : (Registro nro. 50369)
[ vista simple ]
| 000 -LEADER | |
|---|---|
| fixed length control field | 01293nam a2200241 a 4500 |
| 005 - DATE AND TIME OF LATEST TRANSACTION | |
| control field | 20260316201015.0 |
| 008 - FIXED-LENGTH DATA ELEMENTS--GENERAL INFORMATION | |
| fixed length control field | 990616s2026 ck gr 000 fdspa d |
| 015 ## - NATIONAL BIBLIOGRAPHY NUMBER | |
| National bibliography number | ck-1999-xxxx |
| 020 ## - INTERNATIONAL STANDARD BOOK NUMBER | |
| International Standard Book Number | 9798264334368 |
| 040 ## - CATALOGING SOURCE | |
| Original cataloging agency | CO-CtgCURN |
| Language of cataloging | spa |
| Transcribing agency | coctgcurn |
| 082 04 - DEWEY DECIMAL CLASSIFICATION NUMBER | |
| Classification number | 158.1 |
| Item number | V297 |
| Edition information | 23 |
| 100 1# - MAIN ENTRY--PERSONAL NAME | |
| Personal name | Vargas Zárate, Iridiana. |
| 245 14 - TITLE STATEMENT | |
| Title | Los matices del fracaso : |
| Remainder of title | un testimonio íntimo sobre como reconstruirse sin rendirse / |
| Statement of responsibility, etc. | Iris Vargas. |
| 260 ## - PUBLICATION, DISTRIBUTION, ETC. | |
| Place of publication, distribution, etc. | Ontario : |
| Name of publisher, distributor, etc. | Amazon, |
| Date of publication, distribution, etc. | 2026. |
| 300 ## - PHYSICAL DESCRIPTION | |
| Extent | 119 paginas. ; |
| Dimensions | 24 cm. |
| 520 8# - SUMMARY, ETC. | |
| Summary, etc. | "Migrante colombiana en Canadá comparte un testimonio íntimo y poderoso sobre perserverancia, autocompasión y el arte de reconectar contigo misma cuando todo parece roto. A través de historias reales, nos recuerda que la vida no siempre se trata de ganar o perder, sino de aprender a sostener el paraguas hasta que la tormenta pase...porque incluso tras la más larga, siempre llega el arcoiris. Este no es solo un libro: es un mapa para caminar con fe, agradecer en medio de la incertidumbre y descubrir la fuerza de empezar de nuevo, una y otra vez"" |
| 596 ## - | |
| -- | 7 16 |
| 650 14 - SUBJECT ADDED ENTRY--TOPICAL TERM | |
| Topical term or geographic name entry element | Calidad de vida. |
| 650 #0 - SUBJECT ADDED ENTRY--TOPICAL TERM | |
| Topical term or geographic name entry element | Fracaso (Psicología) |
| 650 #0 - SUBJECT ADDED ENTRY--TOPICAL TERM | |
| Topical term or geographic name entry element | Autorrealización. |
| 650 #0 - SUBJECT ADDED ENTRY--TOPICAL TERM | |
| Topical term or geographic name entry element | Desarrollo personal. |
| Withdrawn status | Lost status | Source of classification or shelving scheme | Damaged status | Not for loan | Collection | Home library | Current library | Shelving location | Date acquired | Inventory number | Total checkouts | Full call number | Barcode | Date last seen | Price effective from | Koha item type | Public note |
|---|---|---|---|---|---|---|---|---|---|---|---|---|---|---|---|---|---|
| Dewey Decimal Classification | Cartagena | Miguel Henríquez Castañeda | Miguel Henríquez Castañeda | Cartagena | 10/10/2019 | 025845 | 158.1 V297 | 025845 | 03/16/2026 | 03/16/2026 | Cartagena | 150-PSICOL |